000 00646nam a2200241Ia 4500
003 OSt
005 20221005055317.0
006 a|||||r|||| 00| 0
007 ta
008 221004b |||||||| |||| 00| 0 eng d
020 _a0416317707
024 _a37870
037 _cTextual
040 _aCRL
_cCRL
_beng
041 _2eng
_aeng
082 _aO111:g(Y)N45->N70, M3
245 0 _aSociety and literature 1945-1970 Ed by Alan Sinfield
260 _aLondon
_bMethuen UK
_c1983
300 _a266p.
_ccm.
650 _aENGLISH LITERATURE
942 _hO111:g(Y)N45->N70, M3
_cTEXL
_2cc
999 _c964913
_d964913